000 00387cam a22001217a 4500
008 180718b1963 xxu||||| |||| 00| 0 eng d
082 _aH37x54 In2
100 _aIndia. Committee on Contempt of Courts
245 _aReport of the Committee on Contempt of Courts
_cby Ministry of Law
260 _aDelhi
_bManager of Publications
_c1963
300 _a68+p.
700 _aIndia. Ministry of Law
999 _c491302
_d491302